01228nam a2200241Ia 4500001001100000003001000011008004100021040002500062041001300087100002500100245004600125250001100171260009200182300002700274500016000301501011400461520016000575650003400735942000700769957000600776999004200782952016200824L240-12001IT-CnALBA170116s9999||||xx |||||||||||||| ||und|| aIT-CnALBAcIT-CnALBA aITALIANO aLIPPERT PETER, CSSR. 0aLA CHIESA. UNA MINORANZA SENZA SPERANZA?  a1a ed. aCINISELLO BALSAMO (MI)bEDIZIONI PAOLINEc1971 [1° Ed.:1971 - Ed.Ling.Originale: 1969] a116 p. (prefazione: 7) aCOLLANA BIBLICA. VITA IN DIASPORA DI ISRAELE. MESSAGGIO DEL NUOVO TESTAMENTO. CHIESA IN DIASPORA. DIASPORA COME COSTANTE BIBLICA. ABITUDINE ALLA DIASPORA.  aSocietà San Paolo EM - Piazza San Paolo, 14 - 12051 ALBA (CN) (non commercial uses only) ® Copyright 2017 aCOLLANA BIBLICA. VITA IN DIASPORA DI ISRAELE. MESSAGGIO DEL NUOVO TESTAMENTO. CHIESA IN DIASPORA. DIASPORA COME COSTANTE BIBLICA. ABITUDINE ALLA DIASPORA.  aTEOLOGIA SPIRITUALE CRISTIANA cBK 71 a16754bNOg Copie: 1 c271178d271178 0010406L_2401200171aALBAbALBAd2017-01-16l0oL240-12001r2017-01-16 00:00:00w2017-01-16yBKz(data import: 16 gennaio 2017) - By Epidotti, Vaglietti.